Statistics for US States General Knowledge

Click here to take the quiz!

General Stats

  • This quiz has been taken 23 times
  • The average score is 39 of 48

Answer Stats

QuestionTileSelect% Correct
States that were colonies in 1775AlabamaNo
100%
States that were colonies in 1775AlaskaNo
100%
States that were colonies in 1775DelawareYes
100%
States that were colonies in 1775KentuckyNo
100%
States that were colonies in 1775MarylandYes
100%
States that were colonies in 1775New YorkYes
100%
That has more than 11 Electoral votesNorth DakotaNo
100%
States that were colonies in 1775OhioNo
100%
States that were colonies in 1775PennsylvaniaYes
100%
States that were colonies in 1775TennesseeNo
100%
That has more than 11 Electoral votesVermontNo
100%
That were confederate states.ArizonaNo
94%
That has more than 11 Electoral votesCaliforniaYes
94%
States that were colonies in 1775FloridaNo
94%
That has more than 11 Electoral votesKentuckyNo
94%
That has more than 11 Electoral votesSouth CarolinaNo
94%
That were confederate states.DelawareNo
88%
That has more than 11 Electoral votesFloridaYes
88%
That were confederate states.GeorgiaYes
88%
States that were colonies in 1775GeorgiaYes
88%
That were confederate states.KansasNo
88%
That were confederate states.MaineNo
88%
States that were colonies in 1775Rhode IslandYes
88%
That were confederate states.MississippiYes
82%
That has more than 11 Electoral votesTennesseeNo
82%
That has more than 11 Electoral votesTexasYes
82%
States that were colonies in 1775West VirginiaNo
82%
That were confederate states.AlabamaYes
76%
That were confederate states.MarylandNo
76%
That has more than 11 Electoral votesMarylandNo
76%
That were confederate states.North CarolinaYes
76%
That were confederate states.OklahomaNo
76%
That were confederate states.VirginiaYes
76%
That has more than 11 Electoral votesMichiganYes
71%
That has more than 11 Electoral votesOhioYes
71%
That were confederate states.FloridaYes
65%
States that were colonies in 1775North CarolinaYes
65%
That were confederate states.TexasYes
65%
That were confederate states.West VirginiaNo
65%
States that were colonies in 1775MaineNo
59%
That has more than 11 Electoral votesMassachusettsNo
59%
That has more than 11 Electoral votesNew JerseyYes
59%
States that were colonies in 1775VermontNo
59%
That were confederate states.MissouriNo
53%
That has more than 11 Electoral votesNorth CarolinaYes
53%
That has more than 11 Electoral votesWashingtonYes
53%
That has more than 11 Electoral votesArizonaNo
47%
That were confederate states.KentukcyNo
47%

Score Distribution

Percentile by Number Answered

Percent of People with Each Score

Your Score History

You have not taken this quiz